[Event "Open Marianske Lazne 2018 - A + B"]
[Site "?"]
[Date "2018.01.24"]
[Round "6"]
[White "Pena Gomez, Manuel"]
[Black "Kubicka, Anna"]
[Result "1-0"]
[WhiteElo "2491"]
[BlackElo "2256"]
[PlyCount "139"]
[EventDate "2018.??.??"]

1. e4 d6 2. g3 e5 3. Bg2 Nc6 4. Ne2 Nf6 5. O-O g6 6. d4 exd4 7. Nxd4 Nxd4 8.
Qxd4 Bg7 9. Be3 O-O 10. Qd2 Ng4 11. Bd4 Bxd4 12. Qxd4 Qf6 13. Rd1 Qxd4 14. Rxd4
Ne5 15. Nc3 Be6 16. b3 a6 17. Nd5 Bxd5 18. Rxd5 Rae8 19. a4 Nc6 20. a5 Re5 21.
Ra4 Rfe8 22. f4 R5e6 23. Bf3 Ne7 24. Rd2 Kf8 25. Kf2 Ng8 26. Rb4 Rb8 27. Re2 c6
28. Re3 Nf6 29. Rc3 c5 30. Ra4 Rbe8 31. Re3 Nd5 32. Rd3 Nb4 33. Rd2 Nc6 34. c3
h6 35. h4 Kg7 36. b4 cxb4 37. cxb4 R8e7 38. Rd5 Na7 39. Ra2 Rc7 40. f5 Re5 41.
fxg6 Rxd5 42. exd5 fxg6 43. Be2 Nc8 44. Bg4 Ne7 45. Be6 Rc3 46. Rb2 Rd3 47. Rc2
Nxd5 48. Bxd5 Rxd5 49. Rc7+ Kf6 50. Rxb7 Rd4 51. Ke3 Ke5 52. b5 axb5 53. Rxb5+
d5 54. Rb6 Rg4 55. Kf3 h5 56. a6 Kf5 57. Rd6 Ra4 58. Ke3 Ra3+ 59. Kd4 g5 60.
Rxd5+ Kg6 61. Rd6+ Kf5 62. Kc4 Rxg3 63. Rd5+ Kf6 64. hxg5+ Kg6 65. Ra5 Rg4+ 66.
Kd3 Rf4 67. a7 Rf8 68. a8=Q Rxa8 69. Rxa8 Kxg5 70. Ra4 1-0

[Event "Open Marianske Lazne 2018 - A + B"]
[Site "?"]
[Date "2018.01.24"]
[Round "6"]
[White "Navrodskiy, Boris"]
[Black "Siekanski, Janusz"]
[Result "1-0"]
[WhiteElo "2101"]
[BlackElo "2272"]
[PlyCount "117"]
[EventDate "2018.??.??"]

1. d4 d5 2. c4 e6 3. Nf3 c5 4. cxd5 exd5 5. g3 Nc6 6. Bg2 Nf6 7. O-O Be7 8.
dxc5 Bxc5 9. a3 Ne4 10. b4 Be7 11. Bb2 Bf6 12. Qb3 Be6 13. Nbd2 O-O 14. Bxf6
Qxf6 15. Qd3 Nxd2 16. Qxd2 Rac8 17. Rfd1 b6 18. Rac1 h6 19. Qd3 Ne5 20. Nxe5
Qxe5 21. Rxc8 Rxc8 22. Bxd5 Rc3 23. Qe4 Qxe4 24. Bxe4 f5 25. Bd5 Bxd5 26. Rxd5
Rxa3 27. Rxf5 a5 28. bxa5 bxa5 29. h4 a4 30. Kg2 Ra2 31. e4 a3 32. Kf3 Ra1 33.
Ra5 Kf7 34. Ra6 h5 35. Kf4 Ra2 36. f3 Ra1 37. Kg5 a2 38. Kxh5 Rg1 39. Rxa2 Rxg3
40. Ra7+ Kf6 41. f4 Rg1 42. Ra6+ Kf7 43. e5 Rg2 44. f5 Re2 45. Ra7+ Kf8 46. e6
Rg2 47. Ra4 Rg1 48. Rg4 Rh1 49. Kg6 Rh2 50. Ra4 Rg2+ 51. Kh7 Rf2 52. Ra8+ Ke7
53. Ra7+ Ke8 54. Rf7 Rh2 55. Kxg7 Rxh4 56. Ra7 Rh1 57. Kf6 Rh6+ 58. Ke5 Rh1 59.
Ra8+ 1-0

[Event "Open Marianske Lazne 2018 - A + B"]
[Site "?"]
[Date "2018.01.24"]
[Round "6"]
[White "German, Nikita"]
[Black "Raahul, V S."]
[Result "0-1"]
[WhiteElo "2229"]
[BlackElo "2205"]
[PlyCount "72"]
[EventDate "2018.??.??"]

1. e4 e5 2. Nf3 Nc6 3. Bb5 a6 4. Ba4 Nf6 5. O-O b5 6. Bb3 Bb7 7. Re1 Bc5 8. c3
d6 9. d3 h6 10. Nbd2 O-O 11. Nf1 Ne7 12. Ng3 Ng6 13. a4 Bb6 14. Qc2 c5 15. c4
bxc4 16. Bxc4 Qc7 17. Bd2 d5 18. Ba2 Rac8 19. Rac1 Rfe8 20. Qb1 Qd7 21. a5 Ba7
22. Be3 Ng4 23. exd5 Bxd5 24. Bxd5 Qxd5 25. Rc4 Nxe3 26. fxe3 Rcd8 27. Rd1 Ne7
28. Qc1 Nc8 29. Ne4 f5 30. Nxc5 e4 31. Ne1 f4 32. b4 fxe3 33. Qxe3 exd3 34. Qf4
g5 35. Qg4 Qe5 36. Qh5 Qe3+ 0-1

[Event "Open Marianske Lazne 2018 - A + B"]
[Site "?"]
[Date "2018.01.24"]
[Round "6"]
[White "Solozhenkin, Evgeniy"]
[Black "Nitish, Belurkar"]
[Result "1-0"]
[WhiteElo "2451"]
[BlackElo "2270"]
[PlyCount "121"]
[EventDate "2018.??.??"]

1. e4 e5 2. Nf3 Nc6 3. Bb5 a6 4. Ba4 Nf6 5. O-O Be7 6. Bxc6 dxc6 7. d3 Nd7 8.
b3 O-O 9. Bb2 Bf6 10. Nbd2 Re8 11. Nc4 a5 12. a4 b6 13. Qd2 Ba6 14. Rad1 Qe7
15. Ne3 g6 16. Rfe1 Rad8 17. Qc1 Bg7 18. d4 exd4 19. Nxd4 Qc5 20. Ng4 Qh5 21.
h3 Ne5 22. Nf5 gxf5 23. Rxd8 Rxd8 24. Nxe5 fxe4 25. Ng4 f5 26. Bxg7 fxg4 27.
Bf6 Rd6 28. Qf4 Qf7 29. Qxg4+ Qg6 30. Bg5 Rd5 31. Bf4 Qxg4 32. hxg4 Rd7 33.
Rxe4 Kf7 34. Kh2 c5 35. f3 c4 36. bxc4 Bb7 37. Re1 Bc6 38. Ra1 Rd4 39. Bxc7
Rxc4 40. Bxb6 Rxc2 41. Kg3 Rc4 42. Rh1 Kg8 43. Bxa5 Rxa4 44. Bc3 Be8 45. Be5
Ra5 46. Re1 Bg6 47. f4 Ra3+ 48. Kh4 Ra2 49. f5 Be8 50. Bd4 Bc6 51. Rc1 Bxg2 52.
Rc8+ Kf7 53. Rc7+ Ke8 54. Rxh7 Bf3 55. Rh8+ Kd7 56. Kg3 Bxg4 57. Kxg4 Ra4 58.
Kg5 Rxd4 59. Kg6 Rf4 60. f6 Ke6 61. Re8+ 1-0

[Event "Open Marianske Lazne 2018 - A + B"]
[Site "?"]
[Date "2018.01.24"]
[Round "6"]
[White "Chudinovskikh, Alexander M"]
[Black "Steiner, Bruno"]
[Result "1/2-1/2"]
[WhiteElo "2225"]
[BlackElo "2135"]
[PlyCount "84"]
[EventDate "2018.??.??"]

1. d4 d5 2. Nf3 e6 3. g3 Nf6 4. Bg2 b5 5. O-O Nbd7 6. b3 Bb7 7. c4 bxc4 8. bxc4
dxc4 9. Qa4 Be7 10. Ne5 Bxg2 11. Kxg2 O-O 12. Nc6 Nb6 13. Nxd8 Nxa4 14. Nc6 Bd6
15. f3 Nd5 16. Na3 Nab6 17. Nc2 Ne7 18. Na5 Rfd8 19. Rb1 Rd7 20. e4 c5 21. e5
cxd4 22. exd6 Rxd6 23. Ba3 Rd5 24. Nxd4 Rxa5 25. Bxe7 Nd5 26. Bg5 h6 27. Bc1
Rxa2+ 28. Rf2 Ra6 29. Rc2 c3 30. Ne2 Rc6 31. Nf4 a5 32. Nxd5 exd5 33. Kf2 d4
34. Ke2 g5 35. Kd3 Rd8 36. Rb5 Re6 37. Rxa5 Re1 38. f4 Rd1+ 39. Ke2 Rh1 40. Kd3
Rd1+ 41. Ke2 Rh1 42. Kd3 Rd1+ 1/2-1/2

[Event "Open Marianske Lazne 2018 - A + B"]
[Site "?"]
[Date "2018.01.24"]
[Round "6"]
[White "Csiki, Endre"]
[Black "Hoefelsauer, Thomas"]
[Result "1-0"]
[WhiteElo "2093"]
[BlackElo "2356"]
[PlyCount "65"]
[EventDate "2018.??.??"]

1. e4 c6 2. d4 d5 3. Nd2 dxe4 4. Nxe4 Bf5 5. Nc5 Nd7 6. Nxb7 Qc7 7. Nc5 Nxc5 8.
dxc5 Rd8 9. Bd3 e6 10. Be3 Nf6 11. Nf3 Rd5 12. b4 Qd7 13. Qe2 Bxd3 14. cxd3 Be7
15. O-O O-O 16. d4 Qb7 17. Rab1 a6 18. a4 Nd7 19. Bf4 Bf6 20. Rfd1 Rd8 21. Bd6
h6 22. Ne5 Bxe5 23. dxe5 Rxd1+ 24. Rxd1 Nf8 25. Rb1 Ra8 26. h3 Nd7 27. Qe4 Qc8
28. Rb3 f5 29. Qc4 Nf8 30. Rf3 g6 31. Qh4 Ra7 32. Qxh6 Rg7 33. Rg3 1-0

[Event "Open Marianske Lazne 2018 - A + B"]
[Site "?"]
[Date "2018.01.24"]
[Round "6"]
[White "Sivakumar, Ashvin"]
[Black "Narendran, Gouthaman"]
[Result "1-0"]
[WhiteElo "2208"]
[BlackElo "2106"]
[PlyCount "69"]
[EventDate "2018.??.??"]

1. d4 Nf6 2. c4 b6 3. Nc3 Bb7 4. d5 e6 5. e4 Bb4 6. Bd3 Bxc3+ 7. bxc3 d6 8. Nf3
e5 9. Bg5 Nbd7 10. Nd2 O-O 11. O-O Re8 12. Qf3 h6 13. Be3 Nf8 14. Kh1 Ng6 15.
Rg1 Nd7 16. g3 Qf6 17. Qg2 Nc5 18. Be2 Qe7 19. Raf1 Bc8 20. Bd1 f5 21. Bh5 Qf6
22. f4 Rf8 23. fxe5 Nxe5 24. g4 Ned3 25. gxf5 Nd7 26. Bd4 N3e5 27. Rf3 Kh8 28.
Rg3 Rg8 29. Nf3 Ba6 30. Rg6 Qe7 31. Nxe5 Nxe5 32. f6 Qd8 33. fxg7+ Kh7 34. Bxe5
dxe5 35. Qd2 1-0

[Event "Open Marianske Lazne 2018 - A + B"]
[Site "?"]
[Date "2018.01.24"]
[Round "6"]
[White "Chkhaidze, Nikoloz"]
[Black "Heimrath, Reiner"]
[Result "1-0"]
[WhiteElo "2306"]
[BlackElo "2260"]
[PlyCount "83"]
[EventDate "2018.??.??"]

1. d4 Nf6 2. c4 g6 3. Nc3 Bg7 4. e4 d6 5. Nf3 O-O 6. h3 Nbd7 7. Be3 e5 8. d5 a5
9. g4 Nc5 10. Nd2 Bd7 11. Be2 c6 12. g5 Ne8 13. Nb3 Na6 14. a3 a4 15. Nd2 Nc5
16. Bxc5 dxc5 17. Nxa4 cxd5 18. Nxc5 d4 19. b4 Bc8 20. Bg4 b6 21. Na4 Bxg4 22.
hxg4 b5 23. cxb5 Nd6 24. b6 Qxg5 25. Nc5 Rfd8 26. a4 Rab8 27. a5 Bf8 28. Qf3
Nb7 29. Nd3 Rdc8 30. Qh3 h6 31. Qh4 Qxh4 32. Rxh4 Rc3 33. Ke2 Rxd3 34. Kxd3
Bxb4 35. Nb3 Bc3 36. Ra2 Nxa5 37. Nxa5 Rxb6 38. Nc4 g5 39. Nxb6 gxh4 40. Nd5 h3
41. Nxc3 dxc3 42. f3 1-0

[Event "Open Marianske Lazne 2018 - A + B"]
[Site "?"]
[Date "2018.01.24"]
[Round "6"]
[White "Frolov, Artur"]
[Black "Lukasiewicz, Krzysztof"]
[Result "1-0"]
[WhiteElo "2407"]
[BlackElo "2218"]
[PlyCount "133"]
[EventDate "2018.??.??"]

1. d4 d5 2. Nf3 Nf6 3. c4 e6 4. Nc3 Be7 5. Bg5 h6 6. Bxf6 Bxf6 7. e3 O-O 8. Rc1
c6 9. Bd3 dxc4 10. Bxc4 Nd7 11. Ne4 e5 12. O-O exd4 13. Nxf6+ Nxf6 14. Qxd4 Bf5
15. Rfd1 Be4 16. Ne5 Qe7 17. Qd6 Rae8 18. Qxe7 Rxe7 19. Nf3 Bd5 20. Bxd5 Nxd5
21. h4 h5 22. Rc4 Rfe8 23. g3 g6 24. Ng5 Kg7 25. Rcd4 Re5 26. e4 Nf6 27. f3 Rc5
28. R4d2 Re7 29. Kf2 Nh7 30. Nh3 Nf8 31. Nf4 Ne6 32. Rd7 Kf6 33. Nxe6 fxe6 34.
R7d2 e5 35. Ke3 Rc4 36. Rd6+ Kf7 37. g4 hxg4 38. fxg4 Rc2 39. Rf1+ Ke8 40. Rxg6
Rxb2 41. Rg8+ Kd7 42. Rf2 Rb1 43. h5 Re1+ 44. Kf3 Rh7 45. Rd2+ Ke7 46. Rg5 Rf7+
47. Rf5 Rf1+ 48. Rf2 Rg1 49. h6 c5 50. Rh2 Rh7 51. Rxe5+ Kd6 52. Rd5+ Kc6 53.
Rg5 Rf1+ 54. Kg3 Rf6 55. Rgh5 Kd7 56. Rd5+ Kc6 57. g5 Rg6 58. Kg4 Rh8 59. Kf5
Rgg8 60. g6 Rf8+ 61. Kg5 Rf1 62. g7 Rg8 63. Rf5 Rg1+ 64. Kf6 Kd6 65. Rd5+ Kc6
66. Rg5 Rf1+ 67. Kg6 1-0

[Event "Open Marianske Lazne 2018 - A + B"]
[Site "Marianske Lazne (CZE)"]
[Date "2018.01.23"]
[Round "5"]
[White "Rosko, Lubos"]
[Black "Kubicka, Anna"]
[Result "1/2-1/2"]
[WhiteElo "2301"]
[BlackElo "2256"]
[PlyCount "75"]
[EventDate "2018.01.20"]

1. e4 d6 2. d4 Nf6 3. Nc3 e5 4. Nf3 Nbd7 5. g4 Nxg4 6. Rg1 Ngf6 7. Be3 c6 8.
Qd2 b5 9. Bd3 Qa5 10. a3 Qc7 11. Nh4 a6 12. f4 c5 13. dxe5 dxe5 14. Nd5 Nxd5
15. exd5 Bb7 16. fxe5 Nxe5 17. O-O-O Nxd3+ 18. Qxd3 O-O-O 19. c4 g6 20. cxb5
axb5 21. Qxb5 Be7 22. Qc4 Rd7 23. Nf3 Rhd8 24. Bf4 Bd6 25. Bg5 f6 26. Be3 Re8
27. Bf2 Rde7 28. Kb1 Re4 29. Qc3 Re2 30. Rge1 Rxe1 31. Nxe1 Bxh2 32. Bxc5 Be5
33. Qb4 Qd7 34. d6 Qf5+ 35. Ka1 Bc6 36. Qb6 Bxb2+ 37. Qxb2 Qxc5 38. Nf3 1/2-1/2

[Event "Open Marianske Lazne 2018 - A + B"]
[Site "Marianske Lazne (CZE)"]
[Date "2018.01.24"]
[Round "6"]
[White "Plischki, Sebastian"]
[Black "Kochukova, Anna"]
[Result "1-0"]
[WhiteElo "2395"]
[BlackElo "2110"]
[PlyCount "69"]
[EventDate "2018.01.20"]

1. d4 d5 2. Bf4 Nf6 3. e3 e6 4. Nf3 c5 5. c3 Nc6 6. Nbd2 Be7 7. h3 Bd6 8. dxc5
Bxc5 9. Bd3 O-O 10. O-O h6 11. e4 dxe4 12. Nxe4 Nxe4 13. Bxe4 Qb6 14. b4 Be7
15. Qe2 Bf6 16. Rac1 Rd8 17. a4 a6 18. Bb1 Ne7 19. Ne5 Nd5 20. Bg3 Bd7 21. a5
Qa7 22. Qc2 Be8 23. Ng4 Bxc3 24. Qh7+ Kf8 25. Bh4 Bf6 26. Nxf6 gxf6 27. Qxh6+
Ke7 28. Rfd1 Bc6 29. Rxd5 Rxd5 30. Qxf6+ Kd7 31. Qxf7+ Kc8 32. Qxe6+ Rd7 33.
Qe8+ Kc7 34. Bg3+ Rd6 35. Qe7+ 1-0

[Event "Open Marianske Lazne 2018 - A + B"]
[Site "Marianske Lazne (CZE)"]
[Date "2018.01.23"]
[Round "5"]
[White "Hoefelsauer, Thomas"]
[Black "Chudinovskikh, Alexander M"]
[Result "0-1"]
[WhiteElo "2356"]
[BlackElo "2225"]
[PlyCount "138"]
[EventDate "2018.01.20"]

1. c4 c5 2. Nc3 Nc6 3. g3 g6 4. Bg2 Bg7 5. Nf3 e5 6. O-O Nge7 7. a3 O-O 8. Ne1
d6 9. b4 Be6 10. bxc5 dxc5 11. Ne4 b6 12. d3 Bxc4 13. Bb2 Bd5 14. Nc2 f5 15.
Ng5 Bxg2 16. Kxg2 h6 17. Nh3 Nd4 18. Ne3 f4 19. Bxd4 exd4 20. Qb3+ Kh7 21. Nc4
Qd5+ 22. f3 fxg3 23. hxg3 Nf5 24. Rab1 Be5 25. g4 Nh4+ 26. Kg1 Bc7 27. Rf2 Rae8
28. Qd1 Bg3 29. Rf1 h5 30. Nf2 Bxf2+ 31. Rxf2 hxg4 32. Rh2 g5 33. Qe1 Kg8 34.
Qg3 Re7 35. Qxg4 Rg7 36. Rf1 Qf5 37. Qxf5 Nxf5 38. a4 g4 39. fxg4 Rxg4+ 40. Rg2
Rxg2+ 41. Kxg2 Nh4+ 42. Kg1 Rxf1+ 43. Kxf1 Nf5 44. Kf2 Kf7 45. Na3 Ke7 46. Kf3
Kd7 47. Nc4 Kc6 48. Kf4 Nd6 49. Ne5+ Kd5 50. Ng6 c4 51. Ne7+ Kc5 52. dxc4 Nxc4
53. Ke4 Ne3 54. Kd3 Nd5 55. Nf5 Nf4+ 56. Kd2 Ne6 57. Kc2 a5 58. Kb3 Kd5 59.
Ne7+ Ke4 60. Kc4 Nf4 61. Nc8 Nxe2 62. Nd6+ Ke3 63. Nf5+ Kd2 64. Nh4 d3 65. Nf3+
Ke3 66. Nh2 Ng3 67. Ng4+ Ke2 68. Nf6 d2 69. Nd5 Ne4 0-1

[Event "Open Marianske Lazne 2018 - A + B"]
[Site "Marianske Lazne (CZE)"]
[Date "2018.01.23"]
[Round "5"]
[White "Steiner, Bruno"]
[Black "Nitish, Belurkar"]
[Result "0-1"]
[WhiteElo "2135"]
[BlackElo "2270"]
[PlyCount "114"]
[EventDate "2018.01.20"]

1. c4 d6 2. d4 e5 3. dxe5 dxe5 4. Qxd8+ Kxd8 5. Nc3 Be6 6. b3 c6 7. e3 f6 8.
Bd3 Nd7 9. Bb2 Nh6 10. Nge2 a5 11. O-O Kc7 12. h3 Nf5 13. Rfd1 Nd6 14. Rac1 Bf7
15. Na4 g6 16. Ng3 Be7 17. Rc2 Rhd8 18. Ba3 Nf8 19. Rcd2 Nf5 20. Bxe7 Nxe7 21.
c5 f5 22. Nb6 Rab8 23. Bc4 Rxd2 24. Rxd2 Bxc4 25. Nxc4 Nd7 26. Nxa5 Nxc5 27. f3
Rd8 28. Rxd8 Kxd8 29. b4 Nd3 30. a3 Kc7 31. e4 f4 32. Nh1 b6 33. Nb3 Nc8 34.
Nf2 Nb2 35. Ng4 Kd6 36. Kf1 h5 37. Nf2 Na7 38. Na1 Nb5 39. Nc2 Nc4 40. a4 Nc3
41. b5 cxb5 42. axb5 Nxb5 43. Nd3 g5 44. Kf2 Nc3 45. g3 Nd1+ 46. Kg2 b5 47. h4
Nce3+ 48. Nxe3 Nxe3+ 49. Kh3 g4+ 50. Kh2 gxf3 51. gxf4 exf4 52. Kg1 Ng2 53. Kf2
Nxh4 54. Nxf4 Ke5 55. Nxh5 Kxe4 56. Nf6+ Kd4 57. Kg3 b4 0-1

[Event "Open Marianske Lazne 2018 - A + B"]
[Site "Marianske Lazne (CZE)"]
[Date "2018.01.24"]
[Round "6"]
[White "Turner, Jan"]
[Black "Solozhenkina, Elizaveta"]
[Result "1/2-1/2"]
[WhiteElo "2368"]
[BlackElo "2190"]
[PlyCount "62"]
[EventDate "2018.01.20"]

1. Nf3 Nf6 2. d4 g6 3. Bf4 Bg7 4. e3 O-O 5. h3 d6 6. c3 Nbd7 7. Bh2 b6 8. Nbd2
Bb7 9. Be2 c5 10. O-O a6 11. a4 Re8 12. Re1 Ne4 13. Nxe4 Bxe4 14. Bc4 d5 15.
Be2 e5 16. dxe5 Nxe5 17. Bxe5 Bxe5 18. Nxe5 Rxe5 19. Bd3 Qe7 20. Bxe4 dxe4 21.
Qe2 a5 22. Red1 Rd8 23. Rxd8+ Qxd8 24. Rd1 Rd5 25. Rxd5 Qxd5 26. Qb5 Qd1+ 27.
Kh2 Qd6+ 28. g3 Kg7 29. Kg2 Qd1 30. Qxb6 Qf3+ 31. Kg1 Qd1+ 1/2-1/2

[Event "Open Marianske Lazne 2018 - A + B"]
[Site "Marianske Lazne (CZE)"]
[Date "2018.01.24"]
[Round "6"]
[White "Jurek, Josef"]
[Black "Lee, Qing Aun"]
[Result "1/2-1/2"]
[WhiteElo "2260"]
[BlackElo "2277"]
[PlyCount "36"]
[EventDate "2018.01.20"]

1. c4 Nf6 2. Nf3 e6 3. g3 d5 4. Bg2 Be7 5. O-O O-O 6. d4 dxc4 7. Qc2 b5 8. a4
b4 9. Nbd2 Bb7 10. Nxc4 Be4 11. Qb3 c5 12. Rd1 Na6 13. Be3 Qc7 14. Rac1 Rfd8
15. Nce5 Rd5 16. Nd3 Rad8 17. dxc5 Nxc5 18. Nxc5 Rxd1+ 1/2-1/2

[Event "Open Marianske Lazne 2018 - A + B"]
[Site "Marianske Lazne (CZE)"]
[Date "2018.01.23"]
[Round "5"]
[White "Lukasiewicz, Krzysztof"]
[Black "Chkhaidze, Nikoloz"]
[Result "0-1"]
[WhiteElo "2218"]
[BlackElo "2306"]
[PlyCount "106"]
[EventDate "2018.01.20"]

1. e4 e5 2. Nf3 Nc6 3. Bc4 Nf6 4. d3 Bc5 5. c3 a5 6. O-O d6 7. Nbd2 O-O 8. h3
h6 9. Re1 Be6 10. Bb3 Re8 11. Nf1 d5 12. exd5 Bxd5 13. Bc2 e4 14. dxe4 Bxe4 15.
Bxe4 Qxd1 16. Rxd1 Nxe4 17. Be3 Rad8 18. Bxc5 Nxc5 19. Ne3 Nd3 20. b3 Nf4 21.
Kf1 Kf8 22. h4 g6 23. g3 Nd3 24. Ke2 Nc5 25. Rxd8 Nxd8 26. Nd2 Nc6 27. f4 b5
28. Kf3 b4 29. cxb4 Nd4+ 30. Kg4 Nd3 31. Nd1 Re1 32. Kh3 Nf2+ 33. Nxf2 Rxa1 34.
Nc4 Rxa2 35. Nd3 Nxb3 36. bxa5 Nxa5 37. Nce5 Nb3 38. Nb4 Rd2 39. Nbc6 Rd6 40.
Nb4 c5 41. Nc2 Na5 42. Na3 Kg7 43. h5 gxh5 44. Kh4 f6 45. Nec4 Nxc4 46. Nxc4
Rd1 47. Kh3 Rc1 48. Ne3 c4 49. Nf5+ Kg6 50. Ne7+ Kf7 51. Nf5 c3 52. Ne3 c2 53.
Kh2 Re1 0-1

[Event "Open Marianske Lazne 2018 - A + B"]
[Site "Marianske Lazne (CZE)"]
[Date "2018.01.23"]
[Round "5"]
[White "Heimrath, Reiner"]
[Black "Narendran, Gouthaman"]
[Result "1/2-1/2"]
[WhiteElo "2260"]
[BlackElo "2106"]
[PlyCount "42"]
[EventDate "2018.01.20"]

1. Nf3 d5 2. g3 Nf6 3. Bg2 c6 4. d3 Bg4 5. Nbd2 Nbd7 6. c4 e6 7. O-O Be7 8. Qb3
Qc7 9. h3 Bh5 10. a4 a5 11. Re1 Rd8 12. cxd5 exd5 13. Nf1 O-O 14. Bf4 Bd6 15.
Bxd6 Qxd6 16. Ne3 Nc5 17. Qa3 Bxf3 18. Bxf3 Ne6 19. Qxd6 Rxd6 20. Nc2 Nd7 21.
d4 Ra8 1/2-1/2

[Event "Open Marianske Lazne 2018 - A + B"]
[Site "?"]
[Date "2018.01.25"]
[Round "2"]
[White "Pacher, Milan"]
[Black "Plat, Vojtech"]
[Result "0-1"]
[WhiteElo "2444"]
[BlackElo "2569"]
[PlyCount "88"]
[EventDate "2018.??.??"]

1. e4 d6 2. d4 Nf6 3. Nc3 e5 4. dxe5 dxe5 5. Qxd8+ Kxd8 6. Bc4 Be6 7. Bxe6 fxe6
8. f3 Bc5 9. Nh3 Nc6 10. Bg5 Ke7 11. O-O-O a6 12. Bh4 Rad8 13. Nf2 g5 14. Bg3
Nh5 15. Nd3 Be3+ 16. Kb1 Nf4 17. Bxf4 exf4 18. e5 Bd4 19. Rde1 h6 20. g3 fxg3
21. hxg3 h5 22. Ne4 h4 23. gxh4 gxh4 24. f4 Bb6 25. Rh3 Nd4 26. c4 Nf5 27. c5
Ba7 28. Ndf2 Rhg8 29. Rb3 b6 30. Ra3 bxc5 31. Rxa6 Bb6 32. Rc1 Rg2 33. a4 c4
34. Nh3 Ne3 35. Nd6 Bd4 36. Nxc4 Rb8 37. Rc6 Nxc4 38. Rxc7+ Kd8 39. R1xc4
Rbxb2+ 40. Kc1 Be3+ 41. Kd1 Rb1+ 42. Rc1 Rxc1+ 43. Rxc1 Bxc1 44. Kxc1 Rg3 0-1

[Event "Open Marianske Lazne 2018 - A + B"]
[Site "?"]
[Date "2018.01.25"]
[Round "2"]
[White "Varitski, Igor"]
[Black "Plischki, Sebastian"]
[Result "1/2-1/2"]
[WhiteElo "2246"]
[BlackElo "2395"]
[PlyCount "35"]
[EventDate "2018.??.??"]

1. e4 d6 2. d4 Nf6 3. Nc3 g6 4. g3 Bg7 5. Bg2 O-O 6. h3 Nbd7 7. Nge2 Rb8 8. a4
c5 9. Be3 b6 10. O-O cxd4 11. Bxd4 Bb7 12. g4 a6 13. Ng3 h6 14. Qd2 Re8 15. f4
b5 16. axb5 axb5 17. Nxb5 Bxe4 18. Nxe4 1/2-1/2

[Event "Open Marianske Lazne 2018 - C"]
[Site "Marianske Lazne (CZE)"]
[Date "2018.01.25"]
[Round "7"]
[White "Certek, Pavel"]
[Black "Grela, Kacper"]
[Result "1/2-1/2"]
[WhiteElo "2286"]
[BlackElo "2294"]
[PlyCount "89"]
[EventDate "2018.01.20"]

1. Nf3 Nf6 2. g3 b6 3. Bg2 Bb7 4. O-O g6 5. c4 Bg7 6. Nc3 O-O 7. d3 d6 8. Bg5
Nbd7 9. Qd2 a5 10. Rac1 Nc5 11. Rfd1 Re8 12. e4 Qd7 13. h3 e5 14. Nh2 c6 15.
Qc2 Rac8 16. Na4 Qc7 17. Be3 Nfd7 18. Nf3 Ne6 19. d4 c5 20. d5 Nd4 21. Qd3 Ba6
22. Nc3 Rf8 23. b3 Ra8 24. g4 Kh8 25. Kh1 f6 26. Nb5 Bxb5 27. cxb5 Qd8 28. Nd2
f5 29. f3 Qh4 30. Rf1 fxg4 31. fxg4 Rf6 32. g5 Rf4 33. Nc4 Raf8 34. Nxd6 Qg3
35. Qd2 Rh4 36. Bxd4 exd4 37. Rxf8+ Bxf8 38. Nc4 Ne5 39. Rf1 Be7 40. Qf2 Qxf2
41. Rxf2 Nxc4 42. bxc4 Bxg5 43. Rf1 Bf4 44. Kg1 Kg7 45. Kf2 1/2-1/2

[Event "Open Marianske Lazne 2018 - C"]
[Site "Marianske Lazne (CZE)"]
[Date "2018.01.25"]
[Round "7"]
[White "Molnar, Bela"]
[Black "Luczak, Filip"]
[Result "0-1"]
[WhiteElo "2278"]
[BlackElo "2069"]
[PlyCount "74"]
[EventDate "2018.01.20"]

1. e4 c5 2. Nf3 d6 3. d4 cxd4 4. Nxd4 Nf6 5. Nc3 a6 6. Bc4 e6 7. Bg5 Be7 8. Bb3
Nc6 9. f4 O-O 10. Nxc6 bxc6 11. Qf3 d5 12. O-O-O Nd7 13. Bxe7 Qxe7 14. Rhe1 Qc5
15. e5 a5 16. f5 exf5 17. e6 fxe6 18. Rxe6 Nb6 19. Rxc6 Qxc6 20. Nxd5 Kh8 21.
Nxb6 Qxf3 22. gxf3 Rb8 23. Nc4 Be6 24. Nxa5 Bxb3 25. Nxb3 g5 26. Nd4 g4 27. Rf1
h5 28. b3 Rbe8 29. Kd2 f4 30. a4 g3 31. h4 Kg7 32. b4 Kf6 33. a5 Ke5 34. c3 Kd5
35. a6 Kc4 36. b5 Re3 37. Rc1 Rfe8 0-1

[Event "Open Marianske Lazne 2018 - C"]
[Site "Marianske Lazne (CZE)"]
[Date "2018.01.25"]
[Round "7"]
[White "Kolasinski, Krzysztof"]
[Black "Tatarintsev, Egor"]
[Result "1-0"]
[WhiteElo "2053"]
[BlackElo "2100"]
[PlyCount "97"]
[EventDate "2018.01.20"]

1. d4 e6 2. e4 d5 3. Nc3 dxe4 4. Nxe4 Bd7 5. Bd3 Bc6 6. Nf3 Nd7 7. O-O Ngf6 8.
Neg5 Bd6 9. Re1 h6 10. Nh3 Bxf3 11. Qxf3 c6 12. Nf4 O-O 13. Nh5 Nxh5 14. Qxh5
Nf6 15. Qf3 Be7 16. c3 Qd5 17. Qh3 Bd6 18. Bxh6 gxh6 19. Qxh6 Qh5 20. Qxf6
Qxh2+ 21. Kf1 Qf4 22. Qxf4 Bxf4 23. Re4 Bh6 24. Rg4+ Bg7 25. Re1 Rfe8 26. Bc4
Kf8 27. Re3 Bh8 28. Rh4 Bg7 29. f4 Rad8 30. g4 c5 31. dxc5 Rd2 32. Re2 Rxe2 33.
Kxe2 Rc8 34. Rh5 b6 35. cxb6 axb6 36. Kd3 Rc5 37. Rxc5 bxc5 38. a4 Ke7 39. b4
cxb4 40. cxb4 Kd6 41. a5 Bf8 42. Ke4 Kc7 43. b5 Ba3 44. a6 Bc5 45. f5 Kd6 46.
g5 exf5+ 47. Kxf5 Ke7 48. Ke5 Bf2 49. Bxf7 1-0

[Event "Open Marianske Lazne 2018 - C"]
[Site "Marianske Lazne (CZE)"]
[Date "2018.01.25"]
[Round "7"]
[White "Dambrauskas, Virginijus"]
[Black "Smelykh, Edvin"]
[Result "1-0"]
[WhiteElo "2315"]
[BlackElo "1820"]
[PlyCount "91"]
[EventDate "2018.01.20"]

1. d4 Nf6 2. c4 e6 3. Nf3 b6 4. g3 Bb7 5. Bg2 Be7 6. O-O O-O 7. Nc3 Ne4 8. Qc2
Nxc3 9. Qxc3 f5 10. Rd1 Be4 11. Bf1 Bf6 12. Bf4 d6 13. Nd2 Bb7 14. Nb3 Nd7 15.
Qc2 Qe7 16. d5 e5 17. Bd2 g6 18. Bc3 a5 19. Bg2 a4 20. Nd2 Nc5 21. b4 axb3 22.
axb3 Bg7 23. b4 Nd7 24. e4 f4 25. g4 g5 26. f3 Rfb8 27. Bf1 Bf8 28. Nb3 Qd8 29.
Qb2 Qc8 30. Be1 Kf7 31. Bf2 Be7 32. Be2 Kg8 33. Rdb1 Ra6 34. Rxa6 Bxa6 35. Ra1
Ra8 36. Ra3 Bb7 37. Qa2 Rxa3 38. Qxa3 Qa8 39. Qxa8+ Bxa8 40. c5 bxc5 41. Bb5
Nf6 42. bxc5 Kf7 43. c6 Ke8 44. Ba6 Kd8 45. Na5 Ke8 46. Bb7 1-0

[Event "Open Marianske Lazne 2018 - C"]
[Site "Marianske Lazne (CZE)"]
[Date "2018.01.25"]
[Round "7"]
[White "Lee, Jun Wei"]
[Black "Ochmann, Reimund"]
[Result "1-0"]
[WhiteElo "2064"]
[BlackElo "1987"]
[PlyCount "109"]
[EventDate "2018.01.20"]

1. Nf3 Nf6 2. c4 c6 3. e3 d5 4. Nc3 Nbd7 5. Qc2 e5 6. cxd5 Nxd5 7. d4 Nxc3 8.
bxc3 Bd6 9. Bd3 h6 10. O-O O-O 11. e4 Re8 12. Be3 Qe7 13. Rae1 c5 14. dxe5 Nxe5
15. Nxe5 Bxe5 16. f4 Bc7 17. e5 b6 18. Bh7+ Kh8 19. Be4 Rb8 20. Qe2 Qh4 21. Qb5
Be6 22. Bc6 Red8 23. Qa6 b5 24. g3 Qh3 25. Bg2 Qh5 26. Bxc5 Rd2 27. Rf2 Rbd8
28. Bf3 Qh3 29. Qxa7 Rxf2 30. Bxf2 Rc8 31. Bd4 Bd8 32. Bb7 Rc7 33. Qa8 Bc8 34.
Bg2 Qd7 35. Rf1 Be7 36. Qd5 Qf5 37. Be4 Qh5 38. Qxb5 Bd7 39. Qb8+ Rc8 40. Qb7
Bh3 41. Bg2 Re8 42. Bxh3 Qxh3 43. a4 h5 44. Qf3 Rb8 45. Qg2 Qc8 46. Qf2 Qc4 47.
f5 Rb3 48. f6 gxf6 49. exf6 Bd6 50. Qe3 Bf8 51. Qf3 Qxd4+ 52. cxd4 Rxf3 53.
Rxf3 Bb4 54. Rb3 Bd2 55. d5 1-0

[Event "Open Marianske Lazne 2018 - C"]
[Site "Marianske Lazne (CZE)"]
[Date "2018.01.25"]
[Round "7"]
[White "Korpalski, Maciej"]
[Black "Kolbus, Dietmar"]
[Result "0-1"]
[WhiteElo "2022"]
[BlackElo "2322"]
[PlyCount "58"]
[EventDate "2018.01.20"]

1. e4 c5 2. Nf3 d6 3. d4 cxd4 4. Nxd4 Nf6 5. Nc3 a6 6. Be3 e5 7. Nb3 Be6 8. Qd2
Nbd7 9. f3 h5 10. O-O-O Qc7 11. h3 Be7 12. Rg1 h4 13. f4 g6 14. g4 hxg3 15.
Rxg3 Nh5 16. Rf3 exf4 17. Bd4 Ne5 18. Bxe5 dxe5 19. Nd5 Bxd5 20. Qxd5 Nf6 21.
Qa5 Qxa5 22. Nxa5 b5 23. Nc6 Nxe4 24. Re1 Ng5 25. Rd3 f6 26. Bg2 Rc8 27. Nxe7
Kxe7 28. Bb7 Rb8 29. Bxa6 Rb6 0-1